| 000 | 00538nam a22001457a 4500 | ||
|---|---|---|---|
| 082 | _a620.005 | ||
| 100 | _aFarooq, Neeha | ||
| 245 |
_aEvaluating the effectiveness of community based micro hydropower for rural electrification case study : Neelum Valley / _cNeeha Farooq. |
||
| 260 |
_aIslamabad: _bCEME - NUST, _c2012. |
||
| 300 |
_a104 p.: ill.; _c30cm. |
||
| 650 |
_aEngineering Management- MS Theses. _934601 |
||
| 700 |
_aSup: Dr. Shafqat Hameed. _934602 |
||
| 942 |
_2ddc _cTHE |
||
| 999 |
_c540731 _d540731 |
||